High risk high insurance (Record no. 68967)

MARC details
000 -LEADER
fixed length control field 00879cam a2200205 4500
001 - CONTROL NUMBER
control field WB3745-15
008 - FIXED-LENGTH DATA ELEMENTS--GENERAL INFORMATION
fixed length control field 011129n2001 000 0 eng u
035 ## - SYSTEM CONTROL NUMBER
System control number (Sirsi) u115786
245 ## - TITLE STATEMENT
Title High risk high insurance
260 ## - PUBLICATION, DISTRIBUTION, ETC.
Date of publication, distribution, etc. 2001
490 ## - SERIES STATEMENT
Series statement New Civil Engineer
Volume/sequential designation 22 November 2001, 8(1)
520 ## - SUMMARY, ETC.
Summary, etc. Construction is now seen as a high risk sector after the WTO attacks and consequently faces soaring insurance premiums. However the Association of Consulting Engineers (ACE) also blame the drop in skill levels will increase the risk of claims. ACE has announced that a 50% rise in premiums is needed to ensure the survival of its own professional indemnity scheme.
590 ## - LOCAL NOTE (RLIN)
Local note WB
650 ## - SUBJECT ADDED ENTRY--TOPICAL TERM
Topical term or geographic name entry element CONSTRUCTION SECTOR
650 ## - SUBJECT ADDED ENTRY--TOPICAL TERM
Topical term or geographic name entry element PROFESSIONAL INDEMNITY
650 ## - SUBJECT ADDED ENTRY--TOPICAL TERM
Topical term or geographic name entry element CONSTRUCTION SKILLS
650 ## - SUBJECT ADDED ENTRY--TOPICAL TERM
Topical term or geographic name entry element TERRORIST ATTACKS
690 ## - LOCAL SUBJECT ADDED ENTRY--TOPICAL TERM (OCLC, RLIN)
Topical term or geographic name as entry element Insurance
9 (RLIN) 6249
942 ## - ADDED ENTRY ELEMENTS (KOHA)
Suppress in OPAC 0
Holdings
Withdrawn status Lost status Source of classification or shelving scheme Damaged status Not for loan Home library Current library Shelving location Date acquired Total Checkouts Full call number Barcode Date last seen Copy number Price effective from Koha item type
    Dewey Decimal Classification     London London News article 29/11/2001   WB3745-15 115786-1001 06/08/2019 1 06/08/2019 News article